01016pam a2200289 a 450000100070000000500170000700800410002402000220006502000150008704000180010208200170012010000210013724500660015826000440022430000180026850001840028665000180047065000280048865000130051665000190052965000190054865000260056765000250059394200060061895200890062499900130071365124120240206000357.0940228s1994 enka b 001 0 eng  a0415108624 (pbk.) a0415108616 aDLCcDLCdDLC00a306220bBRY1 aTurner, Bryan S.10aOrientalism, postmodernism, and globalism /cBryan S. Turner. aLondon ;aNew York :bRoutledge,c1994. axii, 228 p. : a"Represents a ... recent discussion and debate regarding crucial aspects of cultural postmodernization, religious change, and the globalization of world society"--P. [4] of cover. 0aPostmodernism 0aReligion and sociology. 0aCulture. 0aIntellectuals. 0aEast and West. 0aIslamic civilization. 0aCivilization, Modern cL 001040708LaWERCLbWERCLd2024-02-06l0o306 BRYp2415r2024-02-06w2024-02-06yL c290d290